| 000 | 01114cam a2200217 4500 | ||
|---|---|---|---|
| 001 | ABS62943 | ||
| 008 | 000000n2000 000 0 eng u | ||
| 035 | _a(Sirsi) u108821 | ||
| 100 | _aRawstron, A. | ||
| 245 | _aAll at sea on variations | ||
| 260 | _c2000 | ||
| 490 |
_aConstruction News _v(6686) 5 October 2000, 30(1) |
||
| 520 | _aOffers advice on how to go about making changes to, or renegotiating, a contract. For instance, while contracts may be varied by consent, it is imperative the agreement is properly evidenced. It is also advisable to fulfil existing obligations pending the adjustment of obligations. Finally, threatening to suspend performance before the conclusion of a deal is not advisable and may mean that any subsequent agreement is void. Looks at "DSND v Petroleum Geo-Services (PGS)" which illustrates some of these points. | ||
| 590 | _aABS | ||
| 650 | _aDSND V PETROLEUM GEO-SERVICES (PGS) | ||
| 650 | _aBUILT ENVIRONMENT-BUILDING CONTRACT FORMS | ||
| 650 | _aRENEGOTIATION | ||
| 650 | _aVARIATIONS | ||
| 690 | _aBUILT ENVIRONMENT-BUILDING CONTRACT FORMS | ||
| 942 | _n0 | ||
| 999 |
_c64968 _d64968 |
||